书目信息 |
| 书名: | The Arms Race Kills Even Without War | |
| 作者: | Dorothee Soelle : | |
| 分册号: | ||
| 分册名: | 出版地: | Philadelphla : |
|
| 出版社: | Fortress Press | |
| 出版时间: | 1984. | |
| 页数: | 111 p. ; | |
| 开本: | 20cm. | |
| 丛书名: | ||
| 中图分类号: | ||
| 科图分类号: | ||
| 其他分类号: | D512 | |
| 主题词: | ||
| 电子资源: | ||
| 000 | 00431nam 2200145 a 4500 | |
| 001 | E0758577713 | |
| 005 | 20070709161954.73 | |
| 008 | 070709s1984 00010 eng | |
| 020 | @a0-8006-1701-0. | |
| 040 | @aPFT@beng | |
| 090 | @aD512 | |
| 099 | @dD512@ex33 | |
| 245 | @aThe Arms Race Kills Even Without War / @cDorothee Soelle :@bTransalted by Gerhard A.Elston. | |
| 260 | @aPhiladelphla :@bFortress Press,@c1984. | |
| 300 | @a111 p. ;@c20cm. | |
| The Arms Race Kills Even Without War / / Dorothee Soelle : : Transalted by Gerhard A.Elston.-Philadelphla : : Fortress Press, , 1984. |
| 111 p. ; ; 20cm. |
| ISBN 0-8006-1701-0. |
| ● |
| 相关链接 |
|
|
|
|
正题名:The Arms Race Kills Even Without War
索取号:D512/x33
 
预约/预借
| 序号 | 登录号 | 条形码 | 馆藏地/架位号 | 状态 | 备注 |
| 1 | 0011712 | 300117120 | 第二样本阅览室/ [索取号:D512/x33] | 在馆 |